L'apres - Socialisme

में बचाया:
ग्रंथसूची विवरण
मुख्य लेखक: Touraine, Alain
स्वरूप: पुस्तक
भाषा:Undetermined
प्रकाशित: Paris Bernard Grasset 1980
विषय:
टैग : टैग जोड़ें
कोई टैग नहीं, इस रिकॉर्ड को टैग करने वाले पहले व्यक्ति बनें!
Thư viện lưu trữ: Trung tâm Học liệu Trường Đại học Cần Thơ
LEADER 00463nam a2200181Ia 4500
001 CTU_79574
008 210402s9999 xx 000 0 und d
082 |a 335 
082 |b T727 
100 |a Touraine, Alain 
245 0 |a L'apres - Socialisme 
245 0 |c Alain Touraine 
260 |a Paris 
260 |b Bernard Grasset 
260 |c 1980 
650 |a Social history,Socialism 
650 |y 1945- 
980 |a Trung tâm Học liệu Trường Đại học Cần Thơ